NAPOLEON'S QUASIGROUPS

Bibliographic Details
Main Author: Krčadinac, Vedran (Author)
Format: Article
Language:English

MARC

LEADER 00000nab a2200000uu 4500
001 vtls011450068
003 SK-MaSNL
005 20260303151421.0
008 230222|2011 xo |||||||||||||||||eng|
015 |a SNBRB 
035 |a (urnnbn)urn:nbn:sk:snk:ar-006f5i 
035 |a (uuid)826bc5de-ec05-4255-b663-61783863cb69 
035 |a urn:nbn:sk:snk-abcmcb 
040 |a SNKBUCL  |b slo  |c SNKBUCL  |e AACR2 
041 0 |a eng 
044 |a xo  |c SK 
100 1 |a Krčadinac, Vedran  |4 aut  |9 1170964 
245 1 0 |a NAPOLEON'S QUASIGROUPS  |c Vedran Krčadinac 
773 0 |t Mathematica Slovaca  |g Roč. 61, č. 6 (2011), s. [885]-894 
958 |a OND 
958 |a EUIPO 
958 |a article16 
999 |c 2017569  |d 2019499